000 00878nam a22002295i 4500
001 170532
003 ES-MaACL
005 20230906214406.0
008 090312s1923 ag |||| | spa d
080 _a821.134.2(82) Fernández, Francisco 2.07
100 0 _aRojas, Ricardo.
_999058
245 1 3 _aUn dramaturgo olvidado
_b: Don Francisco Fernández y sus "obras dramáticas" /
_cpor Ricardo Rojas.
260 _aBuenos Aires :
_bInstituto de Literatura Argentina,
_c1923.
300 _a23 p., [1] h. de lám. ;
_c23 cm.
490 1 _aSección crítica. ;
_vT.I, nº 1
500 _aRetr. de D. Franciscio Fernández.
600 1 4 _aFernández, Francisco.
_949363
710 2 _aUniversidad de Buenos Aires.
_bInstituto de Literatura Argentina.
_9139614
830 0 _aSección crítica. ;
_vT.I, nº 1
_9188947
852 _aES-MaACL
_jC-8234(1)
999 _c170532
_d170532